Az újdonság ereje gerillamarketing megoldások bemutatása konkrét példákon keresztül

Bibliográfiai részletek
Szerző: Viszkei Ágnes
További közreműködők: Papp Judit
Dokumentumtípus: Záródolgozat
Kulcsszavak:Gerillamarketing
Szájreklám
Vírusmarketing
Flash mob
Ambient marketing
Astroturfing
Online Access:http://dolgozattar.uni-bge.hu/59420

MARC

LEADER 00000nta a2200000 i 4500
001 dolg59420
005 20260115140857.0
008 260115suuuu hu o 000 hun d
040 |a BGE Dolgozattár Repozitórium  |b hun 
041 |a hu 
100 1 |a Viszkei Ágnes 
245 1 3 |a Az újdonság ereje  |b gerillamarketing megoldások bemutatása konkrét példákon keresztül  |c Viszkei Ágnes  |h [elektronikus dokumentum] 
516 |a Final_paper 
695 |a Gerillamarketing 
695 |a Szájreklám 
695 |a Vírusmarketing 
695 |a Flash mob 
695 |a Ambient marketing 
695 |a Astroturfing 
700 1 |a Papp Judit  |e ths 
856 4 0 |u http://dolgozattar.uni-bge.hu/59420/1/Viszkei-Agnes.pdf  |z Dokumentum-elérés